000 00199 a2200097 4500
020 _a9781423102014
041 _aeng
100 _aJulie Aigner Clark
245 _aMy first book of Numbers
942 _cK
999 _c30669
_d30667